| 000 | 00343 a2200133 4500 | ||
|---|---|---|---|
| 001 | 88244 | ||
| 082 | _aPR 464 | ||
| 090 |
_c41658 _d41658 |
||
| 100 | _aSheikh M Atif Ejaz | ||
| 245 | _aTo study creep and oxidation behaviour of aviation materials | ||
| 260 |
_aRisalpur _bNUST Risalpur _c1999 |
||
| 300 | _a55p. | ||
| 500 | _aBE Project Reports | ||
| 942 |
_aCAE NUST _kPR 464 |
||
| 999 |
_c323317 _d323317 |
||